000 00675cam a22002291a 4500
001 ne 65001285
003 DLC
005 20260227111814.0
008 850426s1965 ua 001 0 arar
010 _ane 65001285
035 _a(OCoLC)11966302
040 _aDLC
_cTxU-L
_dTxU-L
_dDLC
042 _apremarc
050 0 0 _aK1130
_b.Y96 1965
100 1 _aYūnus, ʻAlī Ḥasan.
245 1 0 _aʻAqd al-naql /
_cʻAlī Ḥasan Yūnus.
260 _a[al-Qāhirah?] :
_bDār al-Fikr al-ʻArabī,
_c[1965?]
300 _a439 p. ;
_c23 cm.
504 _aIncludes bibliographical references and index.
650 0 _aCarriers.
650 0 _aTransportation
_xLaw and legislation.
999 _c48217
_d48217